LEADER 01176nam1 2200325 i 450 001 SUN0019986 005 20090729120000.0 010 $a88-422-0702-0 100 $a20040715d1997 |0itac50 ba 101 $aita 102 $aIT 105 $a||||S ||||| 200 1 $aˆLa ‰festa a Roma dal Rinascimento al 1870$fa cura di Marcello Fagiolo 205 $a[Torino] : edito da Umberto Allemandi per J. Sands$b[1997] 210 $d2 v. ; 35 cm 215 $aPubbl. in occasione della Mostra tenuta a Roma nel 1997. 463 \1$1001SUN0019987$12001 $aAtlante 463 \1$1001SUN0049939$12001 $a<>festa a Roma... 1 463 \1$1001SUN0058679$12001 $a<>festa a Roma... 2 517 1$3SUN0078219$aˆLa ‰festa a Roma. 606 $aSpettacoli$xRoma$xSec. 16.-19.$2FI$3SUNC009879 606 $aRoma$xFeste e giochi tradizionali$xSec. 16.-19.$2FI$3SUNC009880 620 $dTorino$3SUNL000001 676 $a394.26945632$v21 702 1$aFagiolo$b, Marcello$3SUNV013586 712 $aAllemandi$3SUNV000615$4650 801 $aIT$bSOL$c20181109$gRICA 912 $aSUN0019986 996 $aFesta a Roma dal Rinascimento al 1870$9756536 997 $aUNICAMPANIA LEADER 04081nam 2200913 450 001 9910480258003321 005 20181102105815.0 010 $a1-60649-637-9 010 $a9781606496374 035 $a(CKB)2550000001166098 035 $a(EBL)1570056 035 $a(OCoLC)864381791 035 $a(SSID)ssj0001141677 035 $a(PQKBManifestationID)12533143 035 $a(PQKBTitleCode)TC0001141677 035 $a(PQKBWorkID)11091605 035 $a(PQKB)11731841 035 $a(OCoLC)867482206 035 $a(CaBNVSL)swl00403003 035 $a(MiAaPQ)EBC1570056 035 $a(EXLCZ)992550000001166098 100 $a20140105d2014 fy 0 101 0 $aeng 135 $aur|n|---||||| 181 $ctxt 182 $cc 183 $acr 200 10$aBasic cost benefit analysis for assessing local public projects /$fBarry P. Keating and Maryann O. Keating 205 $aFirst edition. 210 1$aNew York, New York (222 East 46th Street, New York, NY 10017) :$cBusiness Expert Press,$d2014. 215 $a1 online resource (140 p.) 225 1 $aEconomics collection,$x2163-7628 300 $aPart of: 2013 digital library. 311 $a1-60649-636-0 311 $a1-306-16595-4 320 $aIncludes bibliographical references (pages 121-124) and index. 327 $a1. An introduction to cost benefit analysis -- 2. Cost benefit analysis and individual preferences -- 3. Time preference and the discount rate -- 4. Measuring costs and benefits -- 5. Shadow pricing -- 6. Potential pitfalls in cost benefit analysis -- 7. Introducing cost benefit analysis to the non-specialist -- 8. Cost benefit analysis of proposed new regulations -- 9. Case study: contracting versus a municipal animal control shelter -- 10. Case study: cost benefit analysis for a forty acre industrial park intended to spawn economic development and jobs -- 11. Case study: establishing a recreational program for the disabled -- Appendix -- Notes -- References -- Index. 330 3 $aThis book presents essential elements for understanding, interpreting, and conducting cost benefit analysis (CBA) in the context of local government. The cost benefit technique is so often referenced in government policy that a correct understanding is necessary for officials entrusted with public decisions. It is especially useful for those charged with preparing numerical analyses to assess the worthiness of a specific policy proposal. In this manual, costs and benefits are identified and analyzed in terms of economic efficiency and resource allocation. 410 0$a2013 digital library. 410 0$aEconomics collection.$x2163-7628. 606 $aPublic works$xCost effectiveness 608 $aElectronic books. 610 $acost benefit analysis (CBA) 610 $alocal government 610 $aproject evaluation 610 $adiscount rate 610 $awillingness to accept 610 $awillingness to pay 610 $aeconomic efficiency 610 $apositive time preference 610 $anet discounted benefits 610 $apresent value of costs 610 $apresent value of benefits 610 $asocial welfare functions 610 $aexternalities/spillovers 610 $acost effectiveness analysis 610 $abenefits ratio 610 $asensitivity analysis 610 $amarket failure 610 $agovernment failure 610 $astanding 610 $aexternal/social costs 610 $aexternal/social benefits 610 $aexistence values 610 $ahedonic valuation 610 $ahypothetical contingent valuation 610 $arent seeking 610 $aregulatory capture 615 0$aPublic works$xCost effectiveness. 676 $a307.1 700 $aKeating$b Barry$f1945-,$0107283 702 $aKeating$b Maryann O. 801 0$bMiAaPQ 801 1$bMiAaPQ 801 2$bMiAaPQ 906 $aBOOK 912 $a9910480258003321 996 $aBasic cost benefit analysis for assessing local public projects$91950122 997 $aUNINA LEADER 05320 am 2201105 n 450 001 9910496040403321 005 20210709 010 $a2-84016-407-8 024 7 $a10.4000/books.pupo.11098 035 $a(CKB)4100000012012408 035 $a(FrMaCLE)OB-pupo-11098 035 $a(oapen)https://directory.doabooks.org/handle/20.500.12854/86572 035 $a(PPN)257806032 035 $a(EXLCZ)994100000012012408 100 $a20210907j|||||||| ||| 0 101 0 $aspa 135 $auu||||||m|||| 181 $ctxt$2rdacontent 182 $cc$2rdamedia 183 $acr$2rdacarrier 200 10$aLa construcción de la democracia en España (1868-2014) $eEspacios, representaciones, agentes y proyectos /$fZoraida Carandell, Julio Pérez Serrano, Mercè Pujol Berché, Allison Taillot 210 $aNanterre $cPresses universitaires de Paris Nanterre$d2021 215 $a1 online resource (624 p.) 225 1 $aRegards sur l'Espagne contemporaine 311 $a2-84016-339-X 330 $aLa democracia política del Sexenio, la democracia social de la Segunda República o el pacto democrático de la Transición son algunos de los hitos más relevantes de la historia reciente de España. Fruto de un diálogo interdisciplinar entre historiadores e hispanistas especialistas de la civilización, la cultura, la lingüística y la literatura, procedentes de universidades francesas y españolas, este libro constituye un homenaje a la hispanista francesa Marie-Claude Chaput, catedrática emérita de la Universidad Paris Nanterre. En él se Ileva a cabo un examen crítico de los espacios, representaciones, agentes y proyectos democráticos más destacables de la contemporaneidad española. La démocratie politique de la Première République, la démocratie sociale de la Seconde République, ou le pacte démocratique de la transition ont marqué l?histoire récente de l?Espagne. Ce livre est le résultat d?un dialogue interdisciplinaire entre historiens et hispanistes spécialistes de civilisation, de culture, de linguistique et de littérature, venus d?universités françaises et espagnoles. Il rend hommage à l?hispaniste française Marie-Claude Chaput, professeure émérite de l?université Paris Nanterre, et propose un examen critique des espaces, des représentations, des acteurs et des projets démocratiques les plus significatifs de la contemporanéité espagnole. 517 $aConstrucción de la democracia en España 517 $aLa construcción de la democracia en España 606 $aHistory of Social Sciences 606 $aPolitical Science 606 $apolitique 606 $ahistoire 606 $aEspagne 606 $apolítica 606 $ahistoria 606 $aEspaña 610 $apolítica 610 $ahistoria 610 $aEspaña 615 4$aHistory of Social Sciences 615 4$aPolitical Science 615 4$apolitique 615 4$ahistoire 615 4$aEspagne 615 4$apolítica 615 4$ahistoria 615 4$aEspaña 700 $aA. González Madrid$b Damián$01366304 701 $aAlonso Carballés$b Jesús$01329119 701 $aAznar Soler$b Manuel$01289739 701 $aBotrel$b Jean-François$0385090 701 $aBrémard$b Bénédicte$01286366 701 $aCarandell$b Zoraida$01235966 701 $aCarcelén$b Jean-François$01326062 701 $aCervera$b Alfons$01289742 701 $aCéspedes$b Jaime$01329120 701 $aCoale$b Robert$01329121 701 $aFeuillastre$b Anne Laure$01329122 701 $aGaleote$b Géraldine$01324271 701 $aGautier N?dah-Sekou$b Virginie$01289744 701 $aGonzález Calleja$b Eduardo$01329123 701 $aGuereña$b Jean-Louis$01282644 701 $aJammet-Arias$b Nathalie$01329124 701 $aJurado$b Javier$01329125 701 $aLéger$b Éva$01329126 701 $aLe Corre-Carrasco$b Marion$01329127 701 $aLópez Cabello$b Iván$01329128 701 $aLuis Sánchez Noriega$b José$01329129 701 $aMalveille$b François$01329130 701 $aMartinez-Vasseur$b Pilar$01324490 701 $aMoreau$b Marie-Christine$01309991 701 $aNieva de la Paz$b Pilar$01329131 701 $aOrobon$b Marie-Angèle$01283558 701 $aOrtiz Heras$b Manuel$01329132 701 $aPérez Serrano$b Julio$01298478 701 $aPujol Berché$b Mercè$01315776 701 $aRodriguez$b Marie-Soledad$01239217 701 $aRojo Hernández$b Severiano$01326093 701 $aRomán Antequera$b Alejandro$01329133 701 $aSarria Buil$b Aránzazu$01329134 701 $aSoria Yagüe$b Cristina$01329135 701 $aTaillot$b Allison$01298479 701 $aTur$b Bruno$01294773 701 $aViguera Ruiz$b Rebeca$01329136 701 $aVilches de Frutos$b Francisca$01329137 701 $aViñals$b Carole$01329138 701 $aCarandell$b Zoraida$01235966 701 $aPérez Serrano$b Julio$01329139 701 $aPujol Berché$b Mercè$0771899 701 $aTaillot$b Allison$01298479 801 0$bFR-FrMaCLE 906 $aBOOK 912 $a9910496040403321 996 $aLa construcción de la democracia en España (1868-2014)$93388761 997 $aUNINA